| 000 | 00600nam a2200193Ia 4500 | ||
|---|---|---|---|
| 999 |
_c3698 _d3698 |
||
| 003 | OSt | ||
| 005 | 20241126110501.0 | ||
| 008 | 160603b xxu||||| |||| 00| 0 eng d | ||
| 020 | _a0830711007 | ||
| 040 | _cgbc | ||
| 082 |
_a223.807 _bRIC |
||
| 100 |
_aRicker, Robert S. _97326 |
||
| 245 |
_aSoul Search: _bHope For 21st Century Living From Ecclesiastes / _cRobert S. Ricker with Ron Pitkin |
||
| 260 |
_bRegal Books, _aCalifornia: _c1985 |
||
| 300 |
_a152p.; _c20 cm. |
||
| 440 |
_aA Bible Commentary for Laymen _97327 |
||
| 650 |
_aBible-O.T. _vPoetic Books _x Ecclesiastes _97549 |
||
| 942 |
_2ddc _cBK _08 |
||